Интенсификация извлечения тонкодисперсного золота электрогидравлическим методом активации минеральных пульп: автореферат диссертации на соискание ученой степени кандидата технических наук; спец. 05.17.02

Detalles Bibliográficos
Autor principal: Поцяпун Н. П. Надежда Петровна
Autor Corporativo: Северская государственная технологическая академия
Otros Autores: Буйновский А. С. Александр Сергеевич (научный руководитель), Бордунов С. В. Сергей Владимирович
Sumario:Защита сост. 26.01.2006 г.
Lenguaje:ruso
Publicado: Северск, [Б. и.], 2005
Materias:
Formato: Libro
KOHA link:https://koha.lib.tpu.ru/cgi-bin/koha/opac-detail.pl?biblionumber=99683

MARC

LEADER 00000nam0a2200000 4500
001 99683
005 20231031111822.0
035 |a (RuTPU)RU\TPU\book\107028 
090 |a 99683 
100 |a 20060711d2005 k y0rusy50 ca 
101 0 |a rus 
102 |a RU 
105 |a a dm 001zy 
200 1 |a Интенсификация извлечения тонкодисперсного золота электрогидравлическим методом активации минеральных пульп  |e автореферат диссертации на соискание ученой степени кандидата технических наук  |e спец. 05.17.02  |f Н. П. Поцяпун  |g Северская государственная технологическая академия; науч. рук. А. С. Буйновский, С. В. Бордунов 
210 |a Северск  |c [Б. и.]  |d 2005 
215 |a 23 с.  |c ил. 
300 |a Защита сост. 26.01.2006 г. 
320 |a Библиогр.: с. 22-23 (17 назв.). 
610 1 |a горное дело 
610 1 |a золотосодержащие руды 
610 1 |a свойства 
610 1 |a электрогидравлические методы 
610 1 |a электрогидравлический эффект 
610 1 |a исследование 
610 1 |a тонкодисперсное золото 
610 1 |a выщелачивание 
610 1 |a авторефераты диссертаций 
675 |a 622.7.016(04)  |v 3 
686 |a 05.17.02  |2 oksvnk 
700 1 |a Поцяпун  |b Н. П.  |g Надежда Петровна 
702 1 |a Буйновский  |b А. С.  |c химик  |c профессор Томского политехнического университета  |f 1940-  |g Александр Сергеевич  |2 stltpush  |3 (RuTPU)RU\TPU\pers\21950  |4 727 
702 1 |a Бордунов  |b С. В.  |c российский ученый, специалист в области химической термодинамики  |c докторант Томского политехнического университета  |f 1974-  |g Сергей Владимирович  |2 stltpush  |3 (RuTPU)RU\TPU\pers\27892  |4 727 
712 0 2 |a Северская государственная технологическая академия  |2 stltpush  |3 (RuTPU)RU\TPU\col\9585 
801 1 |a RU  |b 63413507  |c 20060711  |g PSBO 
801 2 |a RU  |b 63413507  |c 20230201  |g PSBO 
942 |c BK